000 00911nam a2200241Ia 4500
003 Ost
005 20260507075056.0
008 260507s9999||||xx |||||||||||||| ||und||
020 _ax024149957
040 _cfsecg
041 _aara
082 _a1.6404
100 _aالشوابكة، إياد
_eمؤلف
245 0 _aمهارات الحاسوب /
_c إياد الشوابكة
260 _aعمان:
_bدار البركة للنشر,
_c2001
300 _a243 صفحة؛
_bإيضاحات ؛
_c24 سم
504 _aبيبليوغرافيا ص.243
520 _aمقدمة عن الحاسوب،العمل مع نظام ويندوز 98،ميكروسوفت وورد،ميكروسوفت إكسل،الشبكات،شبكات الأنترنت
653 _aالحاسبات الالكترونية
653 _aالحواسيب
700 _aمطر، نسيم
_eمؤلف ثانوي
942 _cكتاب
999 _c42737
_d42737